Philosophical writing of peirce (Record no. 5499)
[ view plain ]
| 000 -LEADER | |
|---|---|
| fixed length control field | 00485nam a22001937a 4500 |
| 001 - ACCESSION NUMBER | |
| control field | 12890 |
| 003 - CONTROL NUMBER IDENTIFIER | |
| control field | OSt |
| 005 - DATE AND TIME OF LATEST TRANSACTION | |
| control field | 20160303090132.0 |
| 008 - FIXED-LENGTH DATA ELEMENTS--GENERAL INFORMATION | |
| fixed length control field | 160303b xxu||||| |||| 00| 0 eng d |
| 020 ## - INTERNATIONAL STANDARD BOOK NUMBER | |
| International Standard Book Number | 0486202178 |
| 040 ## - CATALOGING SOURCE | |
| Transcribing agency | ddc |
| 082 ## - DEWEY DECIMAL CLASSIFICATION NUMBER | |
| Classification number | 100/ PHI |
| 100 ## - MAIN ENTRY--PERSONAL NAME | |
| Dates associated with a name | 1955 |
| 245 ## - TITLE STATEMENT | |
| Title | Philosophical writing of peirce |
| Statement of responsibility, etc. | Buchler, Justus editor |
| 260 ## - PUBLICATION, DISTRIBUTION, ETC. (IMPRINT) | |
| Place of publication, distribution, etc. | New York |
| Name of publisher, distributor, etc. | Dover Publications Inc. |
| Date of publication, distribution, etc. | c1955 |
| 300 ## - PHYSICAL DESCRIPTION | |
| Extent | xi. 386 p. : |
| Dimensions | 20 cm. |
| 500 ## - GENERAL NOTE | |
| General note | Includes index |
| 942 ## - ADDED ENTRY ELEMENTS (KOHA) | |
| Source of classification or shelving scheme | Dewey Decimal Classification |
| Koha item type | Circ Books |
| Withdrawn status | Lost status | Source of classification or shelving scheme | Damaged status | Not for loan | Home library | Current library | Date acquired | Total Checkouts | Full call number | Barcode | Date last seen | Price effective from | Koha item type |
|---|---|---|---|---|---|---|---|---|---|---|---|---|---|
| Dewey Decimal Classification | Wesley Powell Learning Resource Centre | Wesley Powell Learning Resource Centre | 03/03/2016 | 100/ PHI | 12890 | 03/03/2016 | 03/03/2016 | Circ Books |